Statistiken für Geographie nach Buchstabe - L

Klicken Sie hier um das Quiz zu spielen!

Allgemein

  • Dieses Quiz wurde 2,380 mal gespielt
  • Das Durchschnittsergebnis liegt bei 18 aus 24

Antwortstatistiken

Hinweis Antwort % Korrekt
Hauptstadt von EnglandLondon
100%
Hauptstadt von PortugalLissabon
96%
Eine Art Hosen, die man häufig
auf dem Oktoberfest antrifft
Lederhosen
95%
Land, welches südlich von Lettland liegtLitauen
95%
Berühmtes Museum in ParisLouvre
95%
Sprache des Römischen ReichesLatein
93%
Nationale Fluggesellschaft DeutschlandsLufthansa
92%
US-amerikanische Spiel -und
Heiratshauptstadt
Las Vegas
91%
Zweitgrößte Stadt der USALos Angeles
90%
Israels NachbarLibanon
90%
Frühere italienische WährungLira
88%
Früherer Name St. PetersburgsLeningrad
84%
US-Staat, der nach einem
französischen König benannt wurde
Louisiana
83%
Heimatstadt der BeatlesLiverpool
81%
Gebiet in Nordskandinavien und NordfinnlandLappland
72%
Land, welches von befreiten amerikanischen
Sklaven gegründet wurde
Liberia
59%
Längster Fluss FrankreichsLoire
59%
Größte Stadt in NigeriaLagos
58%
Griechische Insel, Heimat von SapphoLesbos
51%
Gedichtsform oder Stadt in IrlandLimerick
49%
Größte Insel im Staat New YorkLong Island
47%
Größte Stadt in YorkshireLeeds
41%
Gründer des DaoismusLaozi
33%
Hauptinsel der PhilippinenLuzon
27%

Verteilung der Resultate

Perzentil nach korrekt beantworteten Fragen

Anzahl Personen mit jedem Resultat

Ihre Resultats-Entwicklung

Sie haben dieses Quiz noch nicht gespielt